| 000 -LEADER |
| fixed length control field |
01118cam a22002894a 4500 |
| 001 - CONTROL NUMBER |
| control field |
13670923 |
| 005 - DATE AND TIME OF LATEST TRANSACTION |
| control field |
20221105212132.0 |
| 008 - FIXED-LENGTH DATA ELEMENTS--GENERAL INFORMATION |
| fixed length control field |
040729s2018 nyua b 001 0 eng |
| 010 ## - LIBRARY OF CONGRESS CONTROL NUMBER |
| LC control number |
2004561121 |
| 020 ## - INTERNATIONAL STANDARD BOOK NUMBER |
| International Standard Book Number |
0071410929 1 |
| 041 ## - LANGUAGE CODE |
| Language code of text/sound track or separate title |
eng |
| 080 ## - UNIVERSAL DECIMAL CLASSIFICATION NUMBER |
| Universal Decimal Classification number |
615 B-29 |
| 245 00 - TITLE STATEMENT |
| Title |
Basic & clinical pharmacology / |
| Statement of responsibility, etc. |
edited by Bertram G. Katzung. |
| 246 3# - VARYING FORM OF TITLE |
| Title proper/short title |
Basic and clinical pharmacology |
| 250 ## - EDITION STATEMENT |
| Edition statement |
fourteenth edition |
| 264 ## - PRODUCTION, PUBLICATION, DISTRIBUTION, MANUFACTURE, AND COPYRIGHT NOTICE |
| Place of production, publication, distribution, manufacture |
New York : |
| Name of producer, publisher, distributor, manufacturer |
McGraw Hill, |
| Date of production, publication, distribution, manufacture, or copyright notice |
2018. |
| 300 ## - PHYSICAL DESCRIPTION |
| Extent |
1249 p. |
| Other physical details |
ill. ; |
| Dimensions |
24 cm. |
| 650 #0 - SUBJECT ADDED ENTRY--TOPICAL TERM |
| Topical term or geographic name entry element |
Clinical pharmacology. |
| 9 (RLIN) |
9498 |
| 650 #0 - SUBJECT ADDED ENTRY--TOPICAL TERM |
| Topical term or geographic name entry element |
Pharmacology. |
| 9 (RLIN) |
272 |
| 653 ## - INDEX TERM--UNCONTROLLED |
| keyword |
კლინიკური ფარმაკოლოგია |
| 653 ## - INDEX TERM--UNCONTROLLED |
| keyword |
მედიცინა |
| 700 1# - ADDED ENTRY--PERSONAL NAME |
| Personal name |
Katzung, Bertram G. |
| Relator term |
რედაქტორი |
| 9 (RLIN) |
9499 |
| 856 42 - ELECTRONIC LOCATION AND ACCESS |
| Materials specified |
Publisher description |
| Uniform Resource Identifier |
http://www.loc.gov/catdir/description/mh051/2004561121.html |
| 856 41 - ELECTRONIC LOCATION AND ACCESS |
| Materials specified |
Table of contents |
| Uniform Resource Identifier |
http://www.loc.gov/catdir/toc/mh051/2004561121.html |
| 942 ## - ADDED ENTRY ELEMENTS (KOHA) |
| Source of classification or shelving scheme |
|
| Koha item type |
წიგნი |